LEADER 02214nam2 22004333i 450 001 RMS1661367 005 20231121125809.0 100 $a20081027d1959 ||||0itac50 ba 101 | $aita 102 $ait 181 1$6z01$ai $bxxxe 182 1$6z01$an 200 0 $a1$fHenrik Ibsen 210 $aTorino$cEinaudi$d[1959] 215 $aXXXIV, 883 p., [8] c. di tav.$cill.$d22 cm 300 $aContiene: Catilina ; La festa a Solhaug ; Madonna Inger di Ostraat ; I guerrieri a Helgeland ; La commedia dell'amore ; I pretendenti alla corona ; Brand ; Peer Gynt 423 0$12001 $aCatilina.$1700 1$aIbsen$b, Henrik$3CFIV008640$4070 423 0$12001 $aMadonna Inger di Östraat.$1700 1$aIbsen$b, Henrik$3CFIV008640$4070 423 0$12001 $a˜I œguerrieri a Helgeland.$1700 1$aIbsen$b, Henrik$3CFIV008640$4070 423 0$12001 $a˜La œcommedia dell'amore.$1700 1$aIbsen$b, Henrik$3CFIV008640$4070 423 0$12001 $a˜I œpretendenti alla corona.$1700 1$aIbsen$b, Henrik$3CFIV008640$4070 423 0$12001 $aBrand$fHenrik Ibsen$1700 1$aIbsen$b, Henrik$3CFIV008640$4070 423 0$12001 $a˜Una œfesta a Solhaugh$fHenrik Ibsen. 423 0$12001 $aPeer Gynt$fHenrik Ibsen.$1700 1$aIbsen$b, Henrik$3CFIV008640$4070 461 1$1001RMS1661360$12001 $a˜I œdrammi$fHenrik Ibsen$gcon diciassette riproduzioni di opere grafiche di Edvard Munch$gtraduzione di Anita Rho$gintroduzione di Franco Antonicelli$v1 700 1$aIbsen$b, Henrik$3CFIV008640$4070$0191887 790 1$aIbsen$b, Genrik$3BVEV032107$zIbsen, Henrik 790 1$aIbsen$b, Henrik Johan$3CFIV230924$zIbsen, Henrik 790 1$aIbsen$b, Enrico$3CFIV320728$zIbsen, Henrik 790 1$aIpse$b, Henrik$3NAPV080117$zIbsen, Henrik 801 3$aIT$bIT-01$c20081027 850 $aIT-FR0084 $aIT-FR0017 899 $aBiblioteca Del Monumento Nazionale Di Montecassino$bFR0084 899 $aBiblioteca umanistica Giorgio Aprea$bFR0017 $eN 912 $aRMS1661367 950 2$aBiblioteca umanistica Giorgio Aprea$d 52MAG 8 COLL F 46.1$e 52FLS0000214595 VMN RS $fA $h20140317$i20140317 977 $a 25$a 52 996 $a1$93635089 997 $aUNICAS LEADER 01332nam0 22002893i 450 001 NAP0636066 005 20231121125601.0 010 $a8878302694 100 $a20140924d1999 ||||0itac50 ba 101 | $aita 102 $ait 181 1$6z01$ai $bxxxe 182 1$6z01$an 200 1 $aIdrologia tecnica$fUgo Moisello 210 $aPavia$cLa goliardica pavese$d1999$hstampa 2001 215 $aXIV, 824 p.$cill.$d24 cm. 606 $aIdrologia$2FIR$3RMLC079723$9I 676 $a551.48$9Idrologia$v21 700 1$aMoisello$b, Ugo$3MILV122720$4070$0352584 801 3$aIT$bIT-01$c20140924 850 $aIT-FR0099 899 $aBiblioteca Area Ingegneristica$bFR0099 912 $aNAP0636066 950 0$aBiblioteca Area Ingegneristica$d 54DMS 551.48 MOI$e 54VM 0000102365 VM barcode:ING99M. - Inventario:99m. - Fondo:CONVM$fA $h20001110$i20121204$d 54DMS 551.48 MOI$e 54VM 0000102355 VM barcode:ING1855M. - Inventario:1855M. - Fondo:Polo Didattico FrosinoneVM$fA $h20050930$i20121204$d 54ATENE 551.48 MOI$e 54VM 0000102345 VM barcode:BAIN004269. - Inventario:5801. - Fondo:Patrimonio Amm.ne Centrale - FrosinoneVM$fA $h20090108$i20121204 977 $a 54 996 $aIdrologia tecnica$943218 997 $aUNICAS